000 00458nam a2200181Ia 4500
008 100917s9999 xx 000 0 und d
082 _b46999
100 _aJoyce Marlow
245 _aThe House On The Cliffs
260 _bDennis Dobson
_c1968
300 _a139
365 _b0
520 _aबालविभाग
630 _aThe House On The Cliffs
650 _aबालविभाग
730 _aThe House On The Cliffs
942 _cBOOK
999 _c652393
_d652390